Biggest Cities on the Gulf of Mexico on a Map - Statistics

General Stats
  • This quiz has been taken 154 times
  • The average score is 10 of 20
Answers on the Map
Answers color-coded by a green-red scale on the quiz's map according to % correct below.
 
Answer Stats
Population City % Correct
4,994,332 Houston
96%
2,441,770 Tampa
96%
899,703 New Orleans
94%
2,106,146 Havana
93%
320,069 Corpus Christi
75%
326,183 Mobile
75%
856,038 Veracruz
58%
530,290 Cape Coral
55%
340,067 Pensacola
54%
208,948 Gulfport
49%
143,280 Panama City
47%
643,260 Sarasota
35%
816,009 Tampico
33%
249,623 Campeche
30%
106,383 Texas City
21%
191,238 Ciudad del Carmen
19%
191,917 Fort Walton Beach
19%
169,541 North Port
17%
361,597 Coatzacoalcos
16%
310,298 Bonita Springs
12%
No matching quizzes found
Score Distribution
Percent of People with Each Score
Percentile by Number Answered
Your Score History
You have not taken this quiz